Экологические потребности: сущность, динамика, перспективы

التفاصيل البيبلوغرافية
المؤلف الرئيسي: Жибуль И. Я. Иван Яковлевич
مؤلفون آخرون: Савастюк А. И. (редактор)
اللغة:الروسية
منشور في: Минск, Навука i тэхнiка, 1991
سلاسل:Земля - наш дом
الموضوعات:
التنسيق: كتاب
KOHA link:https://koha.lib.tpu.ru/cgi-bin/koha/opac-detail.pl?biblionumber=203311

MARC

LEADER 00000nam0a2200000 4500
001 203311
005 20231031185609.0
010 |a 5343008887 
020 |a RU  |b 91-25460 
035 |a (RuTPU)RU\TPU\book\221560 
090 |a 203311 
100 |a 20111102d1991 m a0rusy5003 ca 
101 0 |a rus 
102 |a BY 
105 |a y z 001zy 
200 1 |a Экологические потребности  |e сущность, динамика, перспективы  |f И. Я. Жибуль  |g под ред. А. И. Савастюка 
210 |a Минск  |c Навука i тэхнiка  |d 1991 
215 |a 184 с.  |d 21 см 
225 1 |a Земля - наш дом 
320 |a Библиогр.: с. 176-182. (229 назв.) 
610 1 |a социальная экология 
610 1 |a сущность 
610 1 |a динамика 
610 1 |a перспективы 
610 1 |a человек 
610 1 |a биосфера 
610 1 |a экологическая ситуация 
610 1 |a общество 
610 1 |a природа 
610 1 |a гармонизация 
675 |a 504.03  |z rus 
700 1 |a Жибуль  |b И. Я.  |g Иван Яковлевич  |4 070 
702 1 |a Савастюк  |b А. И.  |4 340 
801 0 |a RU  |b RuMRKP  |c 19950417  |g psbo 
801 1 |a RU  |b 63413507  |c 20111102 
801 2 |a RU  |b 63413507  |c 20111109  |g RCR 
942 |c BK